Mental hospitals in India (Record no. 1458221)

MARC details
000 -LEADER
fixed length control field 00609nam a2200217Ia 4500
005 - DATE AND TIME OF LATEST TRANSACTION
control field 20250923150005.0
008 - FIXED-LENGTH DATA ELEMENTS--GENERAL INFORMATION
fixed length control field 008 250917s9999 xx 000 0 eng d
037 ## - SOURCE OF ACQUISITION
Stock number Textual
040 ## - CATALOGING SOURCE
Original cataloging agency DSWL
Language of cataloging eng
Transcribing agency DSWL
041 ## - LANGUAGE CODE
Language code of text/sound track or separate title eng
Source of code eng
084 ## - COLON CLASSIFICATION NUMBER
Classification number L7:40691.2,d, N96;2
Assigning agency DSWL
100 ## - MAIN ENTRY--PERSONAL NAME
Personal name Sharma, Shridhar
9 (RLIN) 841044
245 #0 - TITLE STATEMENT
Title Mental hospitals in India
Statement of responsibility, etc. by Shridhar Sharma
260 ## - PUBLICATION, DISTRIBUTION, ETC.
Place of publication, distribution, etc. Delhi
Name of publisher, distributor, etc. I.H.B.A.S.
Date of publication, distribution, etc. 1996
300 ## - PHYSICAL DESCRIPTION
Extent 263 p.
365 ## - TRADE PRICE
Price amount Gift
700 ## - ADDED ENTRY--PERSONAL NAME
Personal name R.K. Chadda
9 (RLIN) 841045
925 ## -
-- Gift
942 ## - ADDED ENTRY ELEMENTS (KOHA)
Koha item type Textual
Classification part L7:40691.2,d, N96;2
Holdings
Withdrawn status Lost status Damaged status Not for loan Home library Current library Date acquired Total Checkouts Full call number Barcode Date last seen Price effective from Koha item type
        Department of Social Work Library Department of Social Work Library 2025-09-23   L7:40691.2,d, N96;2 SW0026585 2025-09-23 2025-09-23 Textual
Copyright @ Delhi University Library System